| 000 | 00597nam a2200145 a 4500 | ||
|---|---|---|---|
| 001 | 000038086 | ||
| 005 | 20201002031154.0 | ||
| 008 | 130313s2010 dr 000 0 spa d | ||
| 040 |
_aDO-SdBNP _bspa _cBNPHU |
||
| 100 | 1 |
_aMartínez, Radamés _937814 |
|
| 245 | 1 | 3 |
_aEl componente participación de la ley del Distrito Nacional y los municipios (ley 176-07) / _cRadamés Martínez. |
| 246 | 1 | 4 | _aEl componente participación de la ley del Distrito Nacional y los municipios (ley 176-07) |
| 260 |
_aSanto Domingo : _bConsejo Nacional de Reforma del Estado (CONARE), _c2010. |
||
| 300 |
_a11 p. ; _c29 cm. |
||
| 999 |
_c37576 _d37576 |
||